Giáo trình lý thuyết thống kê : ứng dụng trong quản trị và kinh tế/

Uloženo v:
Podrobná bibliografie
Další autoři: Hà Văn Sơn (chủ biên.)
Médium: Sách giấy
Jazyk:Vietnamese
Vydáno: H. : Thống kê, 2004.
Témata:
Tagy: Přidat tag
Žádné tagy, Buďte první, kdo otaguje tento záznam!
Thư viện lưu trữ: Thư viện Trường Đại học Đà Lạt
LEADER 00792nam a2200289 4500
001 DLU040028670
005 ##20040803
040 # # |a DLU  |b vie 
041 # # |a vie 
044 # # |a vn 
082 # # |a 330.015 195  |b Gia 
245 # # |a Giáo trình lý thuyết thống kê :  |b ứng dụng trong quản trị và kinh tế/  |c Hà Văn Sơn chủ biên. 
260 # # |a H. :  |b Thống kê,  |c 2004. 
300 # # |a 315 tr. ;  |c 24 cm. 
504 # # |a Tài liệu tham khảo : tr.315. 
650 # # |a Xác suất và thống kê  |v Giáo trình. 
700 # # |a Hà Văn Sơn,  |e chủ biên. 
923 # # |a 19/2004 
992 # # |a 28500 
994 # # |a DLU 
900 # # |a True 
911 # # |a Đào Thị Thu Huyền 
925 # # |a G 
926 # # |a A 
927 # # |a SH 
980 # # |a Thư viện Trường Đại học Đà Lạt